| 000 | 00384nam a2200157Ia 4500 | ||
|---|---|---|---|
| 008 | 210210b1961 xxu||||| |||| 00| 0 eng d | ||
| 082 | _a515.4 SHAI | ||
| 100 | _aSHANTI NARAYAN. | ||
| 245 | _aIntegral calculus.Ed.7 | ||
| 250 | _a | ||
| 260 |
_aND _bS. Chand & Co. Ltd. _c1961 |
||
| 300 | _aviii,320 | ||
| 650 | _aIntegral calculus | ||
| 690 | _aIntegral Calculus | ||
| 906 | _a039741 | ||
| 999 |
_c89779 _d89779 |
||